[Event "Lindores Abbey Blitz Tal Memorial"]
[Site "Riga"]
[Date "2021.11.08"]
[Round "10.53"]
[White "Melia, Salome"]
[Black "Miezis, Normunds"]
[Result "0-1"]
[WhiteElo "2211"]
[BlackElo "2413"]
[PlyCount "76"]
[EventDate "2021.11.08"]
[EventType "swiss (blitz)"]
[EventRounds "18"]
[EventCountry "LAT"]
[SourceTitle "CBM 205 Extra"]
[Source "ChessBase"]
[SourceDate "2022.01.31"]
[SourceVersion "1"]
[SourceVersionDate "2022.01.31"]
[SourceQuality "1"]

1. e4 c5 2. Nf3 e6 3. d4 cxd4 4. Nxd4 a6 5. Bd3 Nc6 6. Nxc6 dxc6 7. f4 e5 8. f5 Nf6 9. Be3 h5 10. h3 Nxe4 11. 0-0 Nf6 12. Nd2 Nd5 13. Bf2 Nf4 14. Be4 Be7 15. Nc4 Qxd1 16. Raxd1 f6 17. Nb6 Rb8 18. Kh2 h4 19. a3 Rh5 20. Bf3 Rh8 21. Be4 Kf7 22. Rd2 g6 23. fxg6+ Nxg6 24. Nxc8 Rhxc8 25. Rd7 Ke6 26. Bxg6 Kxd7 27. Bf5+ Kc7 28. Bxc8 Rxc8 29. Bxh4 Rf8 30. g4 Kd6 31. Kg2 Ke6 32. Rd1 Rg8 33. Kf3 Rh8 34. Kg3 Bd8 35. c4 Bc7 36. Re1 e4+ 37. Kg2 Rxh4 38. Rxe4+ Be5 0-1